Artifical Intelligence/ (Record no. 187819)

MARC details
000 -LEADER
fixed length control field 00625nam a22001937a 4500
005 - DATE AND TIME OF LATEST TRANSACTION
control field 20220429130035.0
010 ## - LCCN (DPL NO)
LC control number ENG-132473
020 ## - INTERNATIONAL STANDARD BOOK NUMBER
International Standard Book Number 9789390082469
Terms of availability 350.00
035 ## - SYSTEM CONTROL NUMBER
System control number EN-116005
037 ## - SOURCE OF ACQUISITION
Source of stock number/acquisition DBAD/PUB
082 ## - DEWEY DECIMAL CLASSIFICATION NUMBER
Classification number 006.3
100 ## - MAIN ENTRY--PERSONAL NAME
Personal name K, Sivakumar
245 ## - TITLE STATEMENT
Title Artifical Intelligence/
Statement of responsibility, etc SivaKumar K [et.al...]
260 ## - PUBLICATION, DISTRIBUTION, ETC. (IMPRINT)
Place of publication, distribution, etc New Delhi
Name of publisher, distributor, etc Bloomsbury Publishing India Pvt Ltd
Date of publication, distribution, etc 2017
270 ## - ADDRESS
Address DDA Complex, LSC Building No. 4, Second Floor, Pocket C-6 & 7, Vasant Kunj
City New Delhi
Postal code 1100070
300 ## - PHYSICAL DESCRIPTION
Extent 256p.
Dimensions 22cm(pbk)
700 ## - ADDED ENTRY--PERSONAL NAME
Personal name Sivakumar K [et.al..]
942 ## - ADDED ENTRY ELEMENTS (KOHA)
Source of classification or shelving scheme Dewey Decimal Classification
Item type English Books
Classification part 006.3
Call number suffix SIV
Holdings
Withdrawn status Lost status Not for loan Collection code Home library Current library Date acquired Source of acquisition Cost, normal purchase price Full call number Barcode Copy number Cost, replacement price Koha item type
      Fiction Patel Nagar Patel Nagar 29/04/2022 DBAD/PUB 350.00 006.3 SIV EN-116005 1 350.00 English Books

© Delhi Public Library
Hit Counter
free hit counter